01074naa#a2200169#i#4500001001600000005001700016011001400033100004100047102000700088200027600095210005600371215001000427608004500437675035800482700005200840856001200892RU\\bibl\11766620260604023339.4##a2782-4586##a20260530b2026####ek#y0rusy0150####ca##aRU1#aОценка экономической эффективности внедрения цифровых двойников для управления парком оборудования в аддитивном производствеeЖурнальная статья1#aМоскваcУниверситет ИТБОd2026##a8 с.##aЖурнальная статья2local##aОрганизация производства (производственного процесса). Производственное планирование. Конструирование. Контроль на производстве. 658.5aПрикладные информационные (компьютерные) технологии. 004.9#1aАбрамовgИгорь Викторович4#azhpi.ru